Turkey and the European Union : domestic politics, economic integration and international dynamics

Αποθηκεύτηκε σε:
Λεπτομέρειες βιβλιογραφικής εγγραφής
Άλλοι συγγραφείς: Carkoglu, Ali 1963- (Επιμελητής έκδοσης), Rubin, Barry M. (Επιμελητής έκδοσης)
Μορφή: Βιβλίο
Γλώσσα:English
Δημοσίευση: London : Frank Cass, 2003
Θέματα:
Ετικέτες: Προσθήκη ετικέτας
Δεν υπάρχουν, Καταχωρήστε ετικέτα πρώτοι!

MARC

LEADER 00000nam a2200000 i 4500
001 1/62883
008 041015s2003 eng d
020 |a 0-7146-8335-3 
035 |l 10074735 
040 |a GR-MY-UA  |b gre  |e aacr 
041 0 |a eng 
082 0 |a 327.56104 
245 1 0 |a Turkey and the European Union :  |b domestic politics, economic integration and international dynamics /  |c editors Ali Carkoglu, Barry Rubin 
260 |a London :   |b Frank Cass,   |c 2003 
300 |a 273 p. 
504 |a Includes bibliographical references and index 
651 0 |a Turkey  |x Foreign relations  |z European Union countries. 
651 0 |a European Union countries  |x Foreign relations  |z Turkey. 
651 0 |a Turkey  |x Foreign economic relations  |z European Union countries. 
651 0 |a European Union countries  |x Foreign economic relations  |z Turkey. 
700 1 |a Carkoglu, Ali  |d 1963-  |4 edt 
700 1 |a Rubin, Barry M.  |4 edt 
852 |a INST  |b RHODES  |e 20041015  |h 327.56104 TUR  |p 005400018445  |q 005400018445  |t BK  |y 0 
901 |a BIBL4-2004-3 
909 |a Ρ  |b 109932 
920 |a ΔΙΕΥΡΥΝΣΗ  |b ΕΠΕΑΕΚ ΙΙ-ΤΜΣ  |y ΡΟΔΟΣ  |z 2004-10 
970 |a ΚΟΥΛΑΚΙΟΤΗ  |b ΛΙΤΣΑ  |z 2004/10/15